Uddharanikal Manosukhattinu / (Record no. 1119084)
[ view plain ]
| 000 -LEADER | |
|---|---|
| fixed length control field | 00790nam a2200277 a 4500 |
| 001 - CONTROL NUMBER | |
| control field | vtls001670614 |
| 003 - CONTROL NUMBER IDENTIFIER | |
| control field | NLI |
| 005 - DATE AND TIME OF LATEST TRANSACTION | |
| control field | 20210628145703.0 |
| 008 - FIXED-LENGTH DATA ELEMENTS--GENERAL INFORMATION | |
| fixed length control field | 130206s2007 ii 000 0 mal |
| 020 ## - INTERNATIONAL STANDARD BOOK NUMBER | |
| International Standard Book Number | 8122606709 : |
| Terms of availability | Rs. 35.00 |
| 039 #9 - LEVEL OF BIBLIOGRAPHIC CONTROL AND CODING DETAIL [OBSOLETE] | |
| -- | 201302061531 |
| -- | VLOAD |
| 040 0# - CATALOGING SOURCE | |
| Original cataloging agency | NLI |
| Language of cataloging | eng |
| Transcribing agency | ENTERTECH - MALAYALAM |
| Description conventions | AACR2 |
| 041 0# - LANGUAGE CODE | |
| Language code of text/sound track or separate title | mal |
| 044 ## - COUNTRY OF PUBLISHING/PRODUCING ENTITY CODE | |
| MARC country code | ii |
| 082 04 - DEWEY DECIMAL CLASSIFICATION NUMBER | |
| Classification number | 808.882 |
| 245 00 - TITLE STATEMENT | |
| Title | Uddharanikal Manosukhattinu / |
| Statement of responsibility, etc. | edited by A. N. P. Ummerkutty |
| 260 ## - PUBLICATION, DISTRIBUTION, ETC. | |
| Place of publication, distribution, etc. | Thrissur : |
| Name of publisher, distributor, etc. | Burrent Books, |
| Date of publication, distribution, etc. | 2007 |
| 300 ## - PHYSICAL DESCRIPTION | |
| Extent | 64 p. ; |
| Dimensions | 21 cm. |
| 500 ## - GENERAL NOTE | |
| General note | Collection of quotations by various great men |
| 650 #0 - SUBJECT ADDED ENTRY--TOPICAL TERM | |
| Topical term or geographic name entry element | Quotations |
| 700 1# - ADDED ENTRY--PERSONAL NAME | |
| Personal name | Ummerkutty, A. N. P., |
| Relationship | edt |
| 9 (RLIN) | 783855 |
| 887 ## - NON-MARC INFORMATION FIELD | |
| Content of non-MARC field | |
| 901 ## - LOCAL DATA ELEMENT A, LDA (RLIN) | |
| a | 39789 |
| b | 01.08.2008 |
| 902 ## - LOCAL DATA ELEMENT B, LDB (RLIN) | |
| a | Mal 808.882 U 157 |
| 942 ## - ADDED ENTRY ELEMENTS (KOHA) | |
| Source of classification or shelving scheme | Dewey Decimal Classification |
| Koha item type | Books |
| Withdrawn status | Lost status | Damaged status | Not for loan | Collection code | Home library | Current library | Shelving location | Date acquired | Total Checkouts | Full call number | Date last seen | Price effective from | Koha item type |
|---|---|---|---|---|---|---|---|---|---|---|---|---|---|
| Malayalam | National Library of India | National Library of India | Mal 808.882 U 157 | 28/06/2021 | 28/06/2021 | Books |
